00351cam a22000977a 4500008003600000082001500036245014700051260001400198300000900212700003200221180718b xxu||||| |||| 00| 0 eng d aL27x54 In2 aReport of the Committee on Sales Taxcby Directorate of Commercial Publicity, Ministry of Commerce, Directorate of Commercial Publicity, India aDelhibc a86p. aIndia. Ministry of Commerce